El diluvio: su historia y su leyenda /

Guardado en:
Autor Principal: Palatino, Claudio
Formato: Libro
Publicado: Buenos Aires : Mundi, 1964
Series:Deucali¢n, 11
Materias:
Etiquetas: Agregar Etiqueta
Sin Etiquetas, Sea el primero en etiquetar este registro!
LEADER 00497nam a22001815a 4500
001 CEM.cems006929
005 20060214000000.0
008 130507s1964##################000#0#####d
003 CEMS
082 0 4 |a 222.11 
100 1 |a Palatino, Claudio 
245 1 0 |a El diluvio: su historia y su leyenda / 
260 |a Buenos Aires :  |b Mundi,  |c 1964 
300 |a 196 p. 
490 0 |a Deucali¢n, 11 
653 |a Diluvio universal 
653 |a Religion 
859 |a CEMS  |b BIB. CEMS - 11 de abril  |h 222.11  |i P172  |p 8207.80  |t Ej.1